Регионална библиотека "Любен Каравелов" - Русе

Концерт для для саксофона и струнного оркестра Соч. 109 (Запис номер 353367)

MARC детайли
000 -Лидер
Контролно поле с фиксирана дължина ncm a22 a 4500
003 - Код на организацията, давaща контролен номер
Контролно поле BLK
005 - Дата и час на последна редакция
Контролно поле 20201007040716.0
008 - Елементи от данни с фиксирана дължина
fixed length control field 200408b bu ||||| |||| 00| 0 bu d
040 ## - Източник на каталожния запис
Идентификатор на билиотеката - собственик на записа BLK
041 ## - Код за език
Код за езика на текст/звукозапис или на отделно заглавие Руски
Код за езика КДБФ Руски
080 ## - УДК
Текстов определител УДК Концерти, инструментални
УДК код - определител по УДК 785.6
УДК - код + определител 785.6:788.43:787.1/.4
100 ## - Редна дума - Автор
Автор Глазунов, Александър Константинович
Авторска отговорност първи автор
R(LIN) 1299
139 ## - Редно поле
Редна дума Глазунов, Александър Константинович
Авторски знак Глад - Г 53
245 ## - Сведения за заглавието
Заглавие Концерт для для саксофона и струнного оркестра Соч. 109
Подзаглавни данни Перелож. для саксофона ифортепьяно
260 ## - Област на издателските данни
9 (RLIN) 402764
Място на издаване, разпространение и проч. Москва
Име на издателя, разпространителя и проч. Музыка
Година на издаване 1968
300 ## - Физическа характеристика
Страници 35 с.
Размери/Мащаб 28 см
Съпровождащи материали щим 11 с
380 ## - Жанр
Жанр Изкуство
650 #0 - Допълнително описание по предмет – тема
9 (RLIN) 404469
Основно описание – тема или топоним Саксофон
650 #0 - Допълнително описание по предмет – тема
9 (RLIN) 404472
Основно описание – тема или топоним Оркестър, струнен
653 #7 - Ключова дума – ненормативна
9 (RLIN) 195989
Ключова дума саксофон
852 ## - Местоположение
Форматна сигнатура Цб М ІІ 5505
Фондова буква Отдел Изкуство - подръчен фонд
999 ## - СИСТЕМНИ КОНТРОЛНИ НОМЕРА
Koha biblionumber 353367
Koha biblioitemnumber 353367
942 ## - АРТИКУЛИ
Източник на класификационната схема Universal Decimal Classification
Вид на библиотечния материал Нотни издания
Скрит в OPAC Не
Периодичен библиозапис Да
944 ## - СЪЗДАВАНЕ И РЕДАКЦИЯ на ЗАПИСА
Създаване/Редакция Създаване
Дата на регистрацията/редакция 2020-04-10
Служител, извършил регистрацията/редакцията Валентина Караджова
999 ## - СИСТЕМНИ КОНТРОЛНИ НОМЕРА
Koha biblioitemnumber 353367
999 ## - СИСТЕМНИ КОНТРОЛНИ НОМЕРА
Koha biblioitemnumber 353367
999 ## - СИСТЕМНИ КОНТРОЛНИ НОМЕРА
Koha biblioitemnumber 353367
Наличности
Код за отписване Код за изгубен артикул Източник на класификационната схема Код за повреда Коз за рестрикции Код за отдаване Артикулен № Име на библиотеката - собственик Име на библиотеката, в която се намира в момента Статус (Текущо местоположение) Дата на вписване в системата Местоположение - отдел Цена в лева Инвентарен номер Систематично азбучна сигнатура Баркод Цена в евро Служебен тип на артикула
  Не е изгубен Universal Decimal Classification Не е повреден без рестрикции заемане за дома 761071 Регионална библиотека "Любен Каравелов" Русе Регионална библиотека "Любен Каравелов" Русе Отдел Изкуство - подръчен фонд 2020-04-13 Отдел Изкуство - подръчен фонд 0.48 58824 788/Г 53 А 120000058824 0.25 Нотни издания
  Не е изгубен Universal Decimal Classification Не е повреден   ползва се в читалня 769535 Регионална библиотека "Любен Каравелов" Русе Регионална библиотека "Любен Каравелов" Русе Хранилище 2020-05-13 Хранилище 0.48 58823 Цб М ІІ 5505 900000009514 0.25 Нотни издания
Vip Innovations Ltd, Rousse, Bulgaria 2025